Les plus grands Méchants - Statistiques

Statistiques générales
  • Ce quiz a été pris 106 fois
  • Le résultat moyen est 9 sur 16
Statistiques - réponses
Par images Réponse % Correct
Le Joker
100%
Voldemort
93%
Dark Vador
87%
Scar
83%
Thanos
82%
Maléfique
79%
Hades
77%
Sauron
66%
Palpatine
63%
Hannibal Lecter
47%
Gus
31%
Vecna
24%
Patrick Bateman
23%
Le Chiffre
13%
Hans Landa
10%
Anton Chigurth
0%
Aucun quiz correspondant
Distribution des résultats
% des personnes avec chaque résultat
Percentile par nombre de réponses
Votre historique - résultats
Vous n’avez pas pris ce quiz